[Event "4NCL Division 2c"]
[Site "Hinckley Island ENG"]
[Date "2015.05.02"]
[Round "9.211"]
[White "Gantner, Matthias"]
[Black "Bauer, Christian"]
[Result "0-1"]
[WhiteElo "2282"]
[BlackElo "2624"]
[PlyCount "98"]
[EventDate "2015.05.02"]
[WhiteTeam "White Rose 2"]
[BlackTeam "3Cs"]

1. e4 c6 2. d4 d5 3. f3 Qb6 4. Nc3 dxe4 5. fxe4 e5 6. dxe5 Bc5 7. Nf3 Be6 8.
Qd2 Nd7 9. Na4 Qb4 10. Qxb4 Bxb4+ 11. Nc3 Ne7 12. Bf4 Ng6 13. Bg3 Nc5 14. Bd3
O-O-O 15. Ke2 Bg4 16. h3 Bxf3+ 17. gxf3 Ne6 18. Rad1 Bc5 19. Kd2 Bd4 20. Ne2
Nxe5 21. Nxd4 Nxd4 22. f4 Nxd3 23. cxd3 f5 24. Bf2 Rhe8 25. Bxd4 Rxd4 26. exf5
Rxf4 27. Rhf1 Rb4 28. Kc3 Rb5 29. Rd2 Rc5+ 30. Kb3 Re3 31. h4 Rh3 32. Rf4 a5
33. a4 Rg3 34. Ka2 h5 35. Re2 Rd5 36. d4 Kd7 37. Re6 Rd3 38. Rg6 R5xd4 39.
Rxg7+ Kd6 40. Rxd4+ Rxd4 41. b3 b6 42. Rh7 Rxh4 43. Ka3 Rh2 44. f6 b5 45. axb5
cxb5 46. Rh8 Ke6 47. Rb8 b4+ 48. Ka4 Ra2+ 49. Kb5 Kxf6 0-1

[Event "4NCL Division 2c"]
[Site "Hinckley Island ENG"]
[Date "2015.05.02"]
[Round "9.212"]
[White "Gordon, Stephen J"]
[Black "Barrett, Stephen"]
[Result "1-0"]
[WhiteElo "2493"]
[BlackElo "2202"]
[PlyCount "99"]
[EventDate "2015.05.02"]
[WhiteTeam "3Cs"]
[BlackTeam "White Rose 2"]

1. c4 Nf6 2. Nc3 g6 3. e4 d6 4. d4 Bg7 5. f3 O-O 6. Be3 Nbd7 7. Qd2 c5 8. Nge2
a6 9. dxc5 dxc5 10. Rd1 Qa5 11. Nf4 e6 12. Nd3 b5 13. e5 b4 14. Ne2 Ne8 15.
Nec1 Nxe5 16. Nxc5 Nc6 17. Be2 Nf6 18. N1b3 Qc7 19. Qd6 Ne8 20. Qxc7 Nxc7 21.
Na4 e5 22. Rd6 Nd4 23. Nxd4 exd4 24. Bxd4 Bxd4 25. Rxd4 Ne6 26. Rd6 Re8 27. Kf2
Nf4 28. Bf1 Bb7 29. Nc5 Re7 30. g3 Ne6 31. Nxe6 fxe6 32. Be2 e5 33. Ke3 Rc8 34.
Rhd1 Rc5 35. Rb6 a5 36. Rd8+ Kf7 37. Rh8 Kg7 38. Rb8 Bc8 39. Rb5 Rec7 40. Rxc5
Rxc5 41. Rb5 Rxb5 42. cxb5 Kf6 43. b6 Ke7 44. f4 exf4+ 45. Kxf4 Kd6 46. Bf3 Be6
47. a3 h6 48. h4 Bf7 49. b7 Kc7 50. Ke5 1-0

[Event "4NCL Division 2c"]
[Site "Hinckley Island ENG"]
[Date "2015.05.02"]
[Round "9.213"]
[White "Weller, Jean-Luc"]
[Black "Horton, Andrew P"]
[Result "1-0"]
[WhiteElo "2233"]
[BlackElo "2320"]
[PlyCount "117"]
[EventDate "2015.05.02"]
[WhiteTeam "White Rose 2"]
[BlackTeam "3Cs"]

1. d4 Nf6 2. c4 e6 3. Nc3 Bb4 4. Qc2 Nc6 5. Nf3 d6 6. Bd2 O-O 7. a3 Bxc3 8.
Bxc3 Qe7 9. e4 e5 10. d5 Nb8 11. Nd2 a5 12. Be2 a4 13. O-O-O Nbd7 14. g3 Nc5
15. Rde1 c6 16. f4 Nb3+ 17. Nxb3 axb3 18. Qd3 Nd7 19. Bb4 c5 20. Bd2 Nf6 21. f5
Bd7 22. g4 Ne8 23. Qxb3 Nc7 24. g5 Rfb8 25. f6 Qd8 26. Qg3 b5 27. cxb5 Bxb5 28.
Bg4 Bc4 29. fxg7 Ne8 30. Bc3 Qxg5+ 31. Re3 Nf6 32. Bf5 Qh6 33. Bd2 Qf4 34. Qxf4
exf4 35. Rh3 Rb3 36. Bc3 Rxc3+ 37. Rxc3 Be2 38. Kd2 f3 39. Ke3 Re8 40. Kf2 Kxg7
41. Rg1+ Kf8 42. Re3 Rb8 43. Rb1 Ke7 44. b4 c4 45. Rc1 Ra8 46. Rcc3 Nh5 47. Bg4
Nf4 48. Bxf3 Bd3 49. Kg3 Ng6 50. Be2 Ne5 51. Bxd3 Rg8+ 52. Kf2 Ng4+ 53. Ke2
cxd3+ 54. Rexd3 Nxh2 55. Rg3 Ng4 56. a4 h5 57. a5 Rb8 58. a6 Rxb4 59. a7 1-0

[Event "4NCL Division 2c"]
[Site "Hinckley Island ENG"]
[Date "2015.05.02"]
[Round "9.214"]
[White "Abbas, Daniel"]
[Black "Adams, David"]
[Result "1/2-1/2"]
[WhiteElo "2260"]
[BlackElo "2220"]
[PlyCount "53"]
[EventDate "2015.05.02"]
[WhiteTeam "3Cs"]
[BlackTeam "White Rose 2"]

1. e4 d6 2. d4 Nf6 3. Nc3 e5 4. Nf3 Nbd7 5. Bc4 Be7 6. a4 O-O 7. O-O c6 8. h3
Nxe4 9. Nxe4 d5 10. Re1 dxc4 11. dxe5 f6 12. Qe2 Nxe5 13. Nxe5 fxe5 14. Rd1 Qe8
15. Qxc4+ Qf7 16. Qxf7+ Rxf7 17. Nd6 Bxd6 18. Rxd6 Rd7 19. Rxd7 Bxd7 20. a5 Bf5
21. c3 Rd8 22. Bg5 Rd5 23. Be3 a6 24. Kf1 Rb5 25. b4 Rd5 26. Ke2 Kf7 27. Rd1
1/2-1/2

[Event "4NCL Division 2c"]
[Site "Hinckley Island ENG"]
[Date "2015.05.02"]
[Round "9.215"]
[White "Burnett, Jim"]
[Black "Walton, Alan J"]
[Result "1-0"]
[WhiteElo "2121"]
[BlackElo "2222"]
[PlyCount "89"]
[EventDate "2015.05.02"]
[WhiteTeam "White Rose 2"]
[BlackTeam "3Cs"]

1. d4 d5 2. c4 c6 3. Nf3 Nf6 4. Nc3 e6 5. cxd5 exd5 6. Bg5 Be7 7. Qc2 Be6 8. e3
Nbd7 9. Bd3 Nh5 10. Bxe7 Qxe7 11. b4 g6 12. O-O O-O 13. a4 Ng7 14. b5 c5 15.
dxc5 Nxc5 16. Nd4 Rac8 17. Rac1 Rfd8 18. Rfd1 Bg4 19. Be2 Ne4 20. Qb3 Nxc3 21.
Bxg4 f5 22. Bxf5 Nxd1 23. Bxc8 Nxf2 24. Kxf2 Qf8+ 25. Nf3 Rxc8 26. Qxd5+ Kh8
27. Rxc8 Qxc8 28. g4 h6 29. Ne5 Qc2+ 30. Kg3 Qb1 31. Qd3 Qg1+ 32. Kh3 Qf2 33.
Nxg6+ Kg8 34. Nh4 Ne6 35. Qg6+ Ng7 36. Qe4 Qf1+ 37. Ng2 b6 38. Kg3 h5 39. h3
h4+ 40. Kxh4 Qf2+ 41. Kg5 Qf8 42. Qe5 Kh7 43. Nf4 Qd8+ 44. Qf6 Qd2 45. Qe7 1-0

[Event "4NCL Division 2c"]
[Site "Hinckley Island ENG"]
[Date "2015.05.02"]
[Round "9.216"]
[White "Bentley, John L"]
[Black "Shaw, Peter"]
[Result "1/2-1/2"]
[WhiteElo "2205"]
[BlackElo "2160"]
[PlyCount "45"]
[EventDate "2015.05.02"]
[WhiteTeam "3Cs"]
[BlackTeam "White Rose 2"]

1. d4 d6 2. c4 e5 3. Nc3 exd4 4. Qxd4 Nc6 5. Qd1 g6 6. g3 Bg7 7. Bd2 Be6 8. b3
Nf6 9. Nh3 O-O 10. Nf4 Bf5 11. Bg2 Re8 12. O-O Ne4 13. Bxe4 Bxe4 14. Rc1 Bf5
15. Ncd5 Ne5 16. Bc3 g5 17. Ng2 c6 18. Nde3 Bh3 19. f4 gxf4 20. gxf4 Ng4 21.
Nxg4 Bxg4 22. Bxg7 Kxg7 23. Qd4+ 1/2-1/2

[Event "4NCL Division 2c"]
[Site "Hinckley Island ENG"]
[Date "2015.05.02"]
[Round "9.217"]
[White "Slade, Theo"]
[Black "Horton, Jamie A"]
[Result "0-1"]
[WhiteElo "2035"]
[BlackElo "2170"]
[PlyCount "100"]
[EventDate "2015.05.02"]
[WhiteTeam "White Rose 2"]
[BlackTeam "3Cs"]

1. d4 Nf6 2. c4 e6 3. Nc3 Bb4 4. f3 d5 5. a3 Be7 6. cxd5 exd5 7. e4 O-O 8. e5
Ne8 9. f4 g6 10. Qf3 Be6 11. Bd3 f5 12. Nge2 b6 13. O-O c6 14. h3 Qd7 15. Kh2
Ng7 16. Rg1 a5 17. Be3 Na6 18. g4 Nc7 19. Rg2 c5 20. Rag1 c4 21. Bc2 b5 22. Nd1
b4 23. axb4 axb4 24. Bb1 Ra6 25. Nf2 Bh4 26. Ng3 Nce8 27. gxf5 Bxg3+ 28. Rxg3
Bxf5 29. Ng4 Bxb1 30. Nh6+ Kh8 31. Rxb1 Nf5 32. Nxf5 Qxf5 33. Rbg1 Qe6 34. Bd2
Ra2 35. Rb1 c3 36. Bxc3 bxc3 37. Qxc3 Rxf4 38. Rf3 Rxf3 39. Qxf3 Ng7 40. Qf8+
Qg8 41. Qf6 Ra8 42. Rc1 Qe6 43. Qh4 Nf5 44. Qf4 Qb6 45. Re1 Qxb2+ 46. Kh1 Ra2
47. Rg1 Qxd4 48. Qxd4 Nxd4 49. Rd1 Nf3 50. Rxd5 Rh2# 0-1

[Event "4NCL Division 2c"]
[Site "Hinckley Island ENG"]
[Date "2015.05.02"]
[Round "9.218"]
[White "Burton, Graham P"]
[Black "Lewyk, Ihor"]
[Result "1-0"]
[WhiteElo "2005"]
[BlackElo "2054"]
[PlyCount "61"]
[EventDate "2015.05.02"]
[WhiteTeam "3Cs"]
[BlackTeam "White Rose 2"]

1. e4 d5 2. exd5 Nf6 3. Nf3 Nxd5 4. d4 Bg4 5. c4 Nb6 6. c5 N6d7 7. Bc4 e6 8. h3
Bxf3 9. Qxf3 Nc6 10. Be3 Qf6 11. Qxf6 gxf6 12. Nc3 O-O-O 13. O-O-O e5 14. d5
Na5 15. Be2 Bxc5 16. Bxc5 Nxc5 17. b4 Nab3+ 18. axb3 Nxb3+ 19. Kb2 Nd4 20. Rhe1
Rd6 21. f4 Rb6 22. b5 Rg8 23. fxe5 fxe5 24. Bg4+ f5 25. Rxe5 Nxb5 26. Bxf5+ Kd8
27. Nxb5 Rxg2+ 28. Kc3 Rxb5 29. Rde1 Rg8 30. Kc4 a6 31. Re7 1-0

[Event "4NCL Division 2c"]
[Site "Hinckley Island ENG"]
[Date "2015.05.02"]
[Round "9.221"]
[White "Holland, James P"]
[Black "Therrien, Alex L"]
[Result "0-1"]
[WhiteElo "2252"]
[BlackElo "2228"]
[PlyCount "86"]
[EventDate "2015.05.02"]
[WhiteTeam "Grantham Sharks 2"]
[BlackTeam "Sussex Martlets 1"]

1. d4 Nf6 2. Nf3 e6 3. c4 b6 4. Bf4 Bb7 5. Nc3 Bb4 6. Qb3 c5 7. dxc5 Na6 8.
cxb6 Ne4 9. a3 Bxc3+ 10. bxc3 Nac5 11. Qc2 axb6 12. e3 g5 13. Be5 f6 14. Bg3 h5
15. h4 Nxg3 16. fxg3 Be4 17. Qf2 g4 18. Nd2 Bg6 19. Be2 O-O 20. Qf4 Kg7 21. e4
Qb8 22. O-O Qxf4 23. gxf4 Nxe4 24. Nxe4 Bxe4 25. Rfd1 Ra7 26. Rd2 Rfa8 27. Rda2
Kf7 28. g3 Ke7 29. Kf2 Kd6 30. Ke3 Bc6 31. Bd3 Kc5 32. Kd2 d6 33. Kc2 e5 34.
fxe5 dxe5 35. Rf1 Bf3 36. Rb1 Bc6 37. Rf1 Bf3 38. Rb1 Ra5 39. Raa1 e4 40. Bf1
Rxa3 41. Rb5+ Kc6 42. Rxa3 Rxa3 43. Rb2 Ra1 0-1

[Event "4NCL Division 2c"]
[Site "Hinckley Island ENG"]
[Date "2015.05.02"]
[Round "9.222"]
[White "Cumming, Rhys"]
[Black "Varnam, Liam D"]
[Result "1/2-1/2"]
[WhiteElo "2130"]
[BlackElo "2170"]
[PlyCount "86"]
[EventDate "2015.05.02"]
[WhiteTeam "Sussex Martlets 1"]
[BlackTeam "Grantham Sharks 2"]

1. d4 d5 2. c4 dxc4 3. e4 e5 4. Nf3 exd4 5. Bxc4 Nc6 6. O-O Be6 7. Bb5 Bc5 8.
b4 Bb6 9. a4 a6 10. Bxc6+ bxc6 11. a5 Ba7 12. Bb2 Qd6 13. Na3 Ne7 14. Nxd4 O-O
15. Nac2 c5 16. bxc5 Bxc5 17. Qf3 Rab8 18. Nxe6 fxe6 19. Qc3 Rf7 20. Kh1 Qc6
21. f3 Bd6 22. Rab1 e5 23. Ne3 Qxc3 24. Bxc3 Rff8 25. Nc4 Nc6 26. h3 Kf7 27.
Rfc1 Ke6 28. Bd2 Nd4 29. Nxd6 Rxb1 30. Rxb1 Kxd6 31. Bc3 Nb5 32. Rd1+ Ke6 33.
Bb2 c6 34. Kg1 Rb8 35. Rd2 Nd6 36. Bc3 Rb5 37. Kf2 Nb7 38. Ra2 c5 39. Ke2 Rb3
40. Kd3 Nd6 41. Rb2 c4+ 42. Kc2 Rxb2+ 43. Kxb2 Nb5 1/2-1/2

[Event "4NCL Division 2c"]
[Site "Hinckley Island ENG"]
[Date "2015.05.02"]
[Round "9.223"]
[White "Cumbers, Paul"]
[Black "Hoare, Amy B"]
[Result "1/2-1/2"]
[WhiteElo "2164"]
[BlackElo "2071"]
[PlyCount "95"]
[EventDate "2015.05.02"]
[WhiteTeam "Grantham Sharks 2"]
[BlackTeam "Sussex Martlets 1"]

1. d4 d5 2. c4 e6 3. Nc3 Nf6 4. cxd5 exd5 5. Bg5 Be7 6. e3 c6 7. Bd3 Nbd7 8.
Qc2 O-O 9. Nge2 Re8 10. O-O Nf8 11. f3 g6 12. Rad1 Ne6 13. Bh4 Nh5 14. Bxe7
Qxe7 15. Qd2 Qg5 16. f4 Qd8 17. g4 Nf6 18. h3 Ng7 19. Ng3 h5 20. f5 g5 21. Qe2
h4 22. Nh1 b5 23. Rfe1 Qd6 24. Qf3 a5 25. Nf2 a4 26. Bc2 Ba6 27. Kg2 a3 28. b3
c5 29. e4 cxd4 30. Nxd5 Nxd5 31. exd5 Qg3+ 32. Qxg3 hxg3 33. Ne4 Rec8 34. Bd3
Ne8 35. Kxg3 f6 36. Rc1 Rxc1 37. Rxc1 Kf7 38. Rc5 b4 39. Bc4 Ke7 40. Kf3 Bxc4
41. Rxc4 Rb8 42. d6+ Nxd6 43. Rc7+ Kd8 44. Rh7 Rb6 45. Nxf6 Nb5 46. Nd5 Rd6 47.
f6 Ke8 48. Ke4 1/2-1/2

[Event "4NCL Division 2c"]
[Site "Hinckley Island ENG"]
[Date "2015.05.02"]
[Round "9.224"]
[White "Grant, David J"]
[Black "Purton, Ben J"]
[Result "1/2-1/2"]
[WhiteElo "2098"]
[BlackElo "2192"]
[PlyCount "62"]
[EventDate "2015.05.02"]
[WhiteTeam "Sussex Martlets 1"]
[BlackTeam "Grantham Sharks 2"]

1. e4 d6 2. d4 Nf6 3. Nc3 c6 4. f4 Qa5 5. Bd3 e5 6. Nf3 Bg4 7. Be3 Qb6 8. Qd2
exf4 9. Bxf4 Bxf3 10. gxf3 Qxd4 11. Be3 Qe5 12. f4 Qe7 13. O-O-O Nbd7 14. e5
dxe5 15. fxe5 Nxe5 16. Bf4 Nfd7 17. Rhe1 f6 18. Bf5 Rd8 19. Qe3 g6 20. Bxd7+
Rxd7 21. Rxd7 Kxd7 22. Ne4 Bg7 23. Qxa7 Qb4 24. Nc5+ Ke7 25. Bd2 Bh6 26. Qxb7+
Qxb7 27. Nxb7 Bxd2+ 28. Kxd2 Rb8 29. Na5 Kd6 30. Kc3 Ra8 31. b4 f5 1/2-1/2

[Event "4NCL Division 2c"]
[Site "Hinckley Island ENG"]
[Date "2015.05.02"]
[Round "9.225"]
[White "Willis, Rupert"]
[Black "Bucher, Grant W"]
[Result "0-1"]
[WhiteElo "2140"]
[BlackElo "2132"]
[PlyCount "86"]
[EventDate "2015.05.02"]
[WhiteTeam "Grantham Sharks 2"]
[BlackTeam "Sussex Martlets 1"]

1. c4 Nf6 2. Nf3 g6 3. b4 Bg7 4. Bb2 O-O 5. d3 d5 6. Nbd2 c6 7. g3 Qb6 8. a3 a5
9. Bd4 Qc7 10. Bg2 Nbd7 11. cxd5 Nxd5 12. Bxg7 Kxg7 13. e4 N5f6 14. O-O Rd8 15.
Nc4 Nb6 16. Nce5 Ng4 17. d4 Nxe5 18. Nxe5 axb4 19. axb4 Qd6 20. Rxa8 Nxa8 21.
Qa1 Nc7 22. d5 f6 23. Nc4 Qxb4 24. Ne3 cxd5 25. exd5 b5 26. Rb1 Qd6 27. Rc1 Bd7
28. Qa7 Ne8 29. h4 Rb8 30. Bf3 Rc8 31. Re1 Qc7 32. Nf5+ gxf5 33. Rxe7+ Kg6 34.
h5+ Kh6 35. Qe3+ f4 36. Qd3 Ng7 37. Qd4 Rf8 38. Kg2 Nf5 39. Rxd7 Qxd7 40. Qxf4+
Kg7 41. Qg4+ Kf7 42. d6 Qe6 43. h6 Nxh6 0-1

[Event "4NCL Division 2c"]
[Site "Hinckley Island ENG"]
[Date "2015.05.02"]
[Round "9.226"]
[White "Lenier, Jude"]
[Black "Birtwistle, Nigel"]
[Result "1-0"]
[WhiteElo "2065"]
[BlackElo "2132"]
[PlyCount "73"]
[EventDate "2015.05.02"]
[WhiteTeam "Sussex Martlets 1"]
[BlackTeam "Grantham Sharks 2"]

1. e4 c5 2. Nf3 g6 3. Nc3 Bg7 4. d4 cxd4 5. Nxd4 Nc6 6. Be3 Nf6 7. Bc4 Qa5 8.
O-O O-O 9. h3 d6 10. a3 Bd7 11. f4 Nxd4 12. Bxd4 Bc6 13. e5 Nh5 14. exd6 exd6
15. f5 Bxd4+ 16. Qxd4 Ng7 17. fxg6 hxg6 18. Qxd6 Qg5 19. Rf2 Nf5 20. Qc5 Rac8
21. Nd5 b6 22. Qb4 Kh7 23. Raf1 Rcd8 24. Bb3 a5 25. Qe4 Rfe8 26. Qd3 a4 27.
Rxf5 gxf5 28. Rxf5 Qg6 29. Rxf7+ Kh6 30. Qd2+ Kh5 31. g4+ Kh4 32. Qf2+ Kg5 33.
Qf4+ Kh4 34. g5+ Kxh3 35. Qh2+ Kg4 36. Rf4+ Kxg5 37. Qh4# 1-0

[Event "4NCL Division 2c"]
[Site "Hinckley Island ENG"]
[Date "2015.05.02"]
[Round "9.227"]
[White "Kafka, Graeme"]
[Black "Howell, Chris I"]
[Result "1/2-1/2"]
[WhiteElo "2041"]
[BlackElo "2039"]
[PlyCount "82"]
[EventDate "2015.05.02"]
[WhiteTeam "Grantham Sharks 2"]
[BlackTeam "Sussex Martlets 1"]

1. e4 e6 2. d4 d5 3. e5 c5 4. c3 Nc6 5. Nf3 Qb6 6. a3 Nh6 7. b4 cxd4 8. cxd4
Nf5 9. Bb2 Bd7 10. g4 Nh6 11. h3 f6 12. exf6 gxf6 13. Nc3 Nf7 14. Rc1 a6 15.
Na4 Qc7 16. Nc5 Bxc5 17. Rxc5 Qf4 18. Bc1 Qe4+ 19. Qe2 O-O 20. Qxe4 dxe4 21.
Nd2 Nxd4 22. Bb2 Nf3+ 23. Nxf3 exf3 24. Bxf6 Rac8 25. Rxc8 Rxc8 26. Kd2 e5 27.
Bd3 Bc6 28. Bf5 Re8 29. Bc2 Bd5 30. Rd1 Re6 31. g5 e4 32. Ke3 Bc4 33. Bxe4 Nd6
34. Rd4 Nf5+ 35. Kxf3 Nxd4+ 36. Bxd4 b5 37. h4 Rd6 38. Ke3 Re6 39. Kf4 Rd6 40.
Ke3 Re6 41. Kf4 Rd6 1/2-1/2

[Event "4NCL Division 2c"]
[Site "Hinckley Island ENG"]
[Date "2015.05.02"]
[Round "9.228"]
[White "Willson, Ollie"]
[Black "Summerscale, Claire E"]
[Result "1-0"]
[WhiteElo "1888"]
[BlackElo "1910"]
[PlyCount "52"]
[EventDate "2015.05.02"]
[WhiteTeam "Sussex Martlets 1"]
[BlackTeam "Grantham Sharks 2"]

1. c4 e5 2. Nc3 Nf6 3. g3 Nc6 4. Bg2 Bc5 5. d3 h6 6. Nf3 d6 7. a3 a6 8. b4 Bd4
9. Bb2 Bxc3+ 10. Bxc3 Ne7 11. O-O c6 12. c5 Ng6 13. Rc1 Bg4 14. cxd6 Qxd6 15.
Nd2 Be6 16. Nc4 Qc7 17. Qc2 Nd5 18. Ba1 O-O 19. Qb2 f6 20. a4 b5 21. Na5 Nge7
22. Rc5 Bd7 23. Rfc1 Qb6 24. Nxc6 Bxc6 25. Rxc6 Qd8 26. R1c5 Rc8 1-0

[Event "4NCL Division 2c"]
[Site "Hinckley Island ENG"]
[Date "2015.05.02"]
[Round "9.232"]
[White "Somerfield, Adrian P"]
[Black "Sands, David"]
[Result "1-0"]
[WhiteElo "2080"]
[BlackElo "2185"]
[PlyCount "95"]
[EventDate "2015.05.02"]
[WhiteTeam "Cambridge University 2"]
[BlackTeam "Barbican 4NCL Youth"]

1. d4 d5 2. Nf3 Nf6 3. e3 c5 4. Nbd2 cxd4 5. exd4 Nc6 6. c3 Qc7 7. Bb5 g6 8.
O-O Bg7 9. Qe2 O-O 10. Nb3 Bf5 11. Bxc6 bxc6 12. Ne5 a5 13. Nc5 Ra7 14. f3 Bc8
15. Re1 Ne8 16. Bf4 Nd6 17. Ned3 Rd8 18. b3 Qb6 19. Qd2 Ba6 20. Re2 Bxd3 21.
Qxd3 e6 22. Qe3 Nf5 23. Qf2 Bf8 24. g4 Nd6 25. Rae1 Rda8 26. Qe3 Qd8 27. Bg5
Qc8 28. h4 Bg7 29. Bf4 Ne8 30. h5 Re7 31. hxg6 hxg6 32. Rh2 Nf6 33. Be5 Re8 34.
Qf4 Qd8 35. Kg2 Qe7 36. Reh1 Ra7 37. Kf2 Rd8 38. Rh3 Kf8 39. Qh2 Ng8 40. Bxg7+
Kxg7 41. Rh8 Qg5 42. Qh7+ Kf6 43. Rxg8 Rxg8 44. Qxg8 Qd2+ 45. Kg3 Qxc3 46. Qd8+
Re7 47. Nd7+ Kg7 48. Qf8# 1-0

[Event "4NCL Division 2c"]
[Site "Hinckley Island ENG"]
[Date "2015.05.02"]
[Round "9.233"]
[White "Stewart, Ashley"]
[Black "Robertson, Stuart"]
[Result "0-1"]
[WhiteElo "2061"]
[BlackElo "2094"]
[PlyCount "96"]
[EventDate "2015.05.02"]
[WhiteTeam "Barbican 4NCL Youth"]
[BlackTeam "Cambridge University 2"]

1. d4 d5 2. Bf4 Nf6 3. e3 Bf5 4. c4 e6 5. Qb3 b6 6. Nc3 c6 7. Be2 Bd6 8. Bxd6
Qxd6 9. Nf3 Nbd7 10. O-O dxc4 11. Bxc4 b5 12. Be2 O-O 13. Rfd1 h6 14. Rac1 a6
15. h3 Rfd8 16. Nd2 e5 17. dxe5 Nxe5 18. Nf3 Qe7 19. a3 c5 20. Nd5 Nxd5 21.
Rxd5 c4 22. Qd1 Nc6 23. Rd2 Rxd2 24. Qxd2 Rd8 25. Qc3 Bd3 26. Kf1 a5 27. Rd1 b4
28. axb4 axb4 29. Qc1 Qe4 30. Rd2 Na5 31. Nd4 Rxd4 32. exd4 Nb3 33. Bxd3 cxd3
34. Qe1 Nxd2+ 35. Qxd2 Qxd4 36. Ke1 f5 37. Kd1 f4 38. Kc1 Kf7 39. Kb1 g5 40.
Ka1 b3 41. Kb1 Qc4 42. Qc1 Qc2+ 43. Qxc2 bxc2+ 44. Kc1 Ke6 45. Kd2 Kd5 46. Kc1
Kc4 47. Kd2 Kb3 48. Kc1 d2+ 0-1

[Event "4NCL Division 2c"]
[Site "Hinckley Island ENG"]
[Date "2015.05.02"]
[Round "9.234"]
[White "Gordon-Brown, Alexander J"]
[Black "Brett, Andrew"]
[Result "0-1"]
[WhiteElo "2085"]
[BlackElo "2110"]
[PlyCount "104"]
[EventDate "2015.05.02"]
[WhiteTeam "Cambridge University 2"]
[BlackTeam "Barbican 4NCL Youth"]

1. d4 Nf6 2. c4 e6 3. Nc3 Bb4 4. Nf3 d5 5. Bg5 h6 6. Bh4 dxc4 7. Qa4+ Nc6 8. a3
Bxc3+ 9. bxc3 Qd5 10. Bxf6 gxf6 11. Qc2 f5 12. g3 Bd7 13. Bg2 Na5 14. O-O Bc6
15. Rae1 Qd6 16. a4 f6 17. Nd2 Bxg2 18. Kxg2 O-O-O 19. e4 e5 20. exf5 exd4 21.
Ne4 Qc6 22. cxd4 Rxd4 23. f3 Rhd8 24. Rf2 Nb3 25. Ree2 Nc5 26. Nc3 Nd3 27. Nb5
Qc5 28. Nxd4 Qxd4 29. Rf1 Nb4 30. Qe4 c3 31. Rc1 c5 32. a5 a6 33. Qe6+ Kb8 34.
Qb3 Qd3 35. Rf2 Nd5 36. Rb1 Rd7 37. Rc1 Qxf5 38. Rxc3 Nxc3 39. Qxc3 Rd3 40. Qc4
Qd5 41. Qf4+ Ka7 42. Qxf6 c4 43. Qb6+ Kb8 44. Qxh6 Qxa5 45. Qf4+ Qc7 46. Qxc7+
Kxc7 47. h4 c3 48. h5 b5 49. f4 b4 50. f5 b3 51. f6 b2 52. f7 Rd8 0-1

[Event "4NCL Division 2c"]
[Site "Hinckley Island ENG"]
[Date "2015.05.02"]
[Round "9.235"]
[White "Wei, Naomi"]
[Black "Lee, Richard WY"]
[Result "0-1"]
[WhiteElo "1915"]
[BlackElo "2159"]
[PlyCount "60"]
[EventDate "2015.05.02"]
[WhiteTeam "Barbican 4NCL Youth"]
[BlackTeam "Cambridge University 2"]

1. d4 d5 2. c4 e6 3. Nc3 Be7 4. cxd5 exd5 5. Bf4 Nf6 6. e3 c6 7. Bd3 Nbd7 8. h3
Nf8 9. Nf3 Ng6 10. Bh2 Bd6 11. Bxd6 Qxd6 12. O-O O-O 13. Qc2 Re8 14. Rab1 b6
15. Rfc1 Bd7 16. b4 Re7 17. a4 Rae8 18. Nd2 Nh4 19. a5 b5 20. Ne2 Ne4 21. Bxe4
dxe4 22. Qc5 Qh6 23. Ng3 f5 24. d5 Re5 25. dxc6 Rxc5 26. cxd7 Rxc1+ 27. Rxc1
Rd8 28. Rc8 Qf6 29. Ndxe4 fxe4 30. Nxe4 Qf8 0-1

[Event "4NCL Division 2c"]
[Site "Hinckley Island ENG"]
[Date "2015.05.02"]
[Round "9.236"]
[White "Brau, Julio"]
[Black "Golding, James"]
[Result "1/2-1/2"]
[WhiteElo "2077"]
[BlackElo "1907"]
[PlyCount "142"]
[EventDate "2015.05.02"]
[WhiteTeam "Cambridge University 2"]
[BlackTeam "Barbican 4NCL Youth"]

1. e4 e5 2. Nf3 Nc6 3. Bb5 a6 4. Ba4 Nf6 5. O-O b5 6. Bb3 Bc5 7. a4 Rb8 8. c3
d6 9. d4 Bb6 10. axb5 axb5 11. h3 h6 12. Na3 O-O 13. Nxb5 Qe8 14. Re1 Bd7 15.
Na3 exd4 16. cxd4 Nxd4 17. Nxd4 Bxd4 18. Qxd4 Rxb3 19. Bxh6 c5 20. Qxd6 Nxe4
21. Qd5 Rb4 22. Be3 Bc6 23. Qd3 Qd8 24. Qxd8 Rxd8 25. f3 Nf6 26. Bxc5 Rxb2 27.
Nc4 Rc2 28. Be7 Rd7 29. Ne3 Rb2 30. Bxf6 gxf6 31. Rac1 Bb7 32. Rc4 Re7 33. Rg4+
Kf8 34. h4 f5 35. Rf4 Rb3 36. Kf2 Rb2+ 37. Kg3 Rb3 38. Kf2 Rb2+ 39. Re2 Rxe2+
40. Kxe2 Bc8 41. Kf2 Re5 42. Nc4 Rc5 43. Kg3 Be6 44. Nd2 Kg7 45. Rd4 Kf6 46.
Kf4 Kg6 47. Nf1 Ra5 48. Ne3 Rc5 49. Rd8 Ra5 50. Rd4 Rc5 51. g3 Kh6 52. Rb4 Kg6
53. Nd1 Rd5 54. Nf2 Kh5 55. Rb8 Kg6 56. Rg8+ Kh7 57. Re8 Kg6 58. Nh3 Ra5 59.
Rg8+ Kh7 60. Re8 Kg6 61. Ng5 Ra4+ 62. Ke5 Ra5+ 63. Kd6 Ra6+ 64. Ke7 Ra7+ 65.
Kd6 Ra6+ 66. Kc5 Ra5+ 67. Kb6 Re5 68. Rg8+ Kh6 69. Kc6 f6 70. Nxe6 Rxe6+ 71.
Kd5 Re3 1/2-1/2

[Event "4NCL Division 2c"]
[Site "Hinckley Island ENG"]
[Date "2015.05.02"]
[Round "9.237"]
[White "Golding, William"]
[Black "Bamber, Elaine"]
[Result "0-1"]
[WhiteElo "1525"]
[BlackElo "2071"]
[PlyCount "80"]
[EventDate "2015.05.02"]
[WhiteTeam "Barbican 4NCL Youth"]
[BlackTeam "Cambridge University 2"]

1. d4 d5 2. Nf3 Nf6 3. Bf4 c5 4. c3 e6 5. e3 Nc6 6. Nbd2 Be7 7. Be2 O-O 8. O-O
Nh5 9. Ne5 Nxf4 10. exf4 cxd4 11. Nxc6 bxc6 12. cxd4 Bd6 13. g3 Rb8 14. Rb1 Qa5
15. a3 Qb6 16. Nf3 a5 17. Qc2 c5 18. dxc5 Bxc5 19. Bd3 g6 20. Rfc1 Bd6 21. Qa4
Qb3 22. Qc6 Rd8 23. Rc3 Qa2 24. b4 axb4 25. Rcb3 Bd7 26. Qxd6 Ba4 27. R3b2
Qxb1+ 28. Rxb1 Rxd6 29. axb4 Rdb6 30. b5 Bxb5 31. Bxb5 Rxb5 32. Rd1 Rb1 33.
Rxb1 Rxb1+ 34. Kg2 f6 35. Nd4 Kf7 36. Kf3 e5 37. fxe5 fxe5 38. Nc2 Rb3+ 39. Kg2
d4 40. f4 d3 0-1

[Event "4NCL Division 2c"]
[Site "Hinckley Island ENG"]
[Date "2015.05.02"]
[Round "9.241"]
[White "Lund, Brett"]
[Black "Povah, Nigel"]
[Result "1/2-1/2"]
[WhiteElo "2260"]
[BlackElo "2299"]
[PlyCount "106"]
[EventDate "2015.05.02"]
[WhiteTeam "Spirit of Atticus A"]
[BlackTeam "Guildford 3"]

1. c4 e5 2. g3 Nf6 3. Bg2 h6 4. Nc3 Bb4 5. e3 Bxc3 6. bxc3 O-O 7. Rb1 Nc6 8. e4
d6 9. d3 Qe7 10. Nf3 Kh7 11. Nd2 Rb8 12. Nf1 Qd7 13. h3 Ne7 14. Ne3 c6 15. O-O
d5 16. exd5 cxd5 17. Ba3 d4 18. cxd4 exd4 19. Ng4 Nfg8 20. Ne5 Qc7 21. Re1 Be6
22. Qe2 Rfd8 23. Nxf7 Bxf7 24. Bxe7 Re8 25. Be4+ Kh8 26. Ba3 Nf6 27. Qf3 Qa5
28. Bd6 Rbd8 29. Bb4 Qxa2 30. Ra1 Qb2 31. Reb1 Qc2 32. Rc1 Qb3 33. Rcb1 Qc2 34.
Rc1 Qb3 35. Rab1 Qa2 36. Bxb7 Bh5 37. g4 Bg6 38. Bc6 Re6 39. Re1 Bxd3 40. Rxe6
Qxb1+ 41. Kh2 Bxc4 42. Rxf6 Qxb4 43. Rxh6+ Kg8 44. Rh5 Qd6+ 45. Kg2 g6 46. Rg5
d3 47. Be4 Bf7 48. h4 d2 49. Qd1 Rc8 50. Bxg6 Bxg6 51. h5 Kf8 52. hxg6 Rc7 53.
Qf3+ Kg7 1/2-1/2

[Event "4NCL Division 2c"]
[Site "Hinckley Island ENG"]
[Date "2015.05.02"]
[Round "9.242"]
[White "Wall, Gavin"]
[Black "Ivell, Nicholas"]
[Result "1/2-1/2"]
[WhiteElo "2323"]
[BlackElo "2236"]
[PlyCount "112"]
[EventDate "2015.05.02"]
[WhiteTeam "Guildford 3"]
[BlackTeam "Spirit of Atticus A"]

1. e4 c5 2. Nf3 e6 3. c3 d5 4. e5 d4 5. Bd3 Bd7 6. Be4 Bc6 7. d3 Bxe4 8. dxe4
Nc6 9. Qb3 Qc7 10. Na3 a6 11. cxd4 cxd4 12. O-O Bxa3 13. bxa3 Nge7 14. Rb1 O-O
15. Qxb7 Qa5 16. Qb6 Qxb6 17. Rxb6 Rfb8 18. Rxb8+ Rxb8 19. Rd1 Rb1 20. Kf1 Ng6
21. Ke2 h6 22. Kd3 Ngxe5+ 23. Nxe5 Nxe5+ 24. Kxd4 Rb5 25. f3 Nc6+ 26. Ke3 Rb1
27. Kd3 Rb5 28. Be3 Ra5 29. Rc1 Rxa3+ 30. Rc3 Nb4+ 31. Kc4 Rxa2 32. Kxb4 Rxg2
33. Bf4 Kh7 34. Ra3 Rf2 35. Bg3 Rb2+ 36. Ka5 g5 37. Kxa6 Kg6 38. Be5 Rb1 39.
Ra1 Rb3 40. Rf1 f5 41. Rf2 h5 42. Ka5 g4 43. fxg4 hxg4 44. exf5+ exf5 45. Ka4
Rb1 46. Bf4 Kh5 47. Rd2 Rf1 48. Rd4 Rxf4 49. Rxf4 Kg5 50. Rf1 f4 51. Kb4 g3 52.
hxg3 fxg3 53. Kc4 Kg4 54. Kd3 g2 55. Rf8 Kg3 56. Rg8+ Kf2 1/2-1/2